| 000 | 00644nam a2200241Ia 4500 | ||
|---|---|---|---|
| 001 | 39219 | ||
| 005 | 20240114002044.0 | ||
| 007 | ta | ||
| 008 | 070816sst e g b000 u 098 u | ||
| 040 | _aCotton College,Assam | ||
| 041 | _a098 | ||
| 082 |
_a297 _bM 441 T |
||
| 100 | _aMaududi, Abul Ala . | ||
| 245 | 0 |
_aTazdid Wa Yahiyaein Din / _cAbul Ala Maududi. _hTextual Documents |
|
| 250 | _a1st ed. / | ||
| 260 |
_aRampur (U.P.) : _bMarkaz Zamat Islam , _c1st ed.. |
||
| 300 |
_a176p. ; _c19cm. |
||
| 653 | _aReligion-Islamic | ||
| 653 | _aG-Arabic & Persian | ||
| 942 |
_2ddc _cBK |
||
| 999 |
_c39191 _d39191 |
||